000 00491nam a2200169Ia 4500
999 _c4796
_d4796
020 _a0-393-32702-7
082 _a951.9 CUM-K
100 _aCumings, Bruce
245 0 _aKorea's place in the sun: a modern history
260 _aNew York
_bW. W. Norton & Company
_c2005
300 _a542
504 _aUpdated edition, bibliographical references and index
650 _aKorea
_vHistory
_z20th Century
650 _aKorea (South)
_vHistory
650 _aKorea
_vHistory
_z1860-1910
942 _cBK